| LEADER |
00981nam0a2200193 450 |
| 001 |
16789082 |
| 010 |
|
|
|a 2707204730
|d 14,5
|
| 100 |
|
|
|a 20040423d2003 u u0frey01 ba
|
| 200 |
0 |
|
|a Inspirations lointaines
|f Dubois Petroff Marie-Pierre
|
| 207 |
|
1 |
|a
|
| 210 |
|
|
|a Paris
|c C. Massin
|d 2003
|
| 225 |
1 |
|
|a Esprit Déco
|
| 330 |
|
|
|a Le monde s'ouvre un peu plus chaque jour, rendant accessibles les cultures les plus reculées. La découverte d'harmonies inhabituelles, de matériaux différents, et de savoir-faire ancestraux, devient une nouvelle source de créativité pour la décoration occidentale. Au travers d'un rapide tour du monde, voici quelques jolies sources d'inspirations à s'approprier selon ses affinités.
|
| 610 |
0 |
|
|a Architecture domestique
|
| 676 |
|
|
|a 720
|
| 700 |
|
0 |
|a Dubois Petroff
|b Marie-Pierre
|4 70
|
| 900 |
|
|
|a Documentaire
|
| 901 |
|
|
|a Accessible au prêt
|
| 995 |
|
|
|a Bibliothèque
|c Bibliothèque
|f 024003185
|h 024003185
|k 720 DUB
|o p
|q a
|r az
|e Bibliothèque
|